Riconosci il Pokémon - Quiz n°787 - Statistics

Statistiche generali
  • Questo quiz è stato fatto 2 volte
  • Il punteggio medio è 10 su 10
Statistiche sulle risposte
Indizio Riposta % Corretto
Altezza 1,10 m
100%
Tasso di cattura 120 (24.9%)
100%
Peso 15,3 kg
100%
Sesso 50% ♂, 50% ♀
100%
Abilità Levitazione
100%
Tasso di allevamento Medio-Lento
100%
Stadio evoluzione Prima evoluzione
100%
Tipo Terra / Drago
100%
Generazione Terza
100%
Pokémon Vibrava
100%
Nessun quiz corrispondente trovato
Distribuzione punteggi
Percentuale di utenti per punteggio
Percentile per numero di risposta
I tuoi punteggi nel tempo
Non hai fatto questo quiz